000 00575cam a22002053a 4500
001 43932
003 PGUSA
005 20140828084012.0
008 131011s2013||||xxu|||||s|||||000 | eng d
040 _aPGUSA
_beng
042 _adc
100 1 _aDöblin, Alfred,
_d1878-1957
245 1 0 _aWallenstein. II. (of 2)
_h[electronic resource] /
_cAlfred Döblin
260 _bProject Gutenberg,
_c2013
506 _aPublic domain in the USA.
516 _aElectronic text
830 0 _aProject Gutenberg
_v43932
856 4 0 _uhttp://www.gutenberg.org/ebooks/43932
942 _cEB
999 _c273183
_d273183